000 00303nam a2200121Ia 4500
005 20251222140034.0
008 251222s1900||||xx |||||||||||||| ||spa||
082 _a193/P33
100 _aPaz, Manual Abraham
245 0 _aEl Autoritarismo y el Humanismo segĂșn Erich Fromm
264 _bRPFA
942 _cLIB
999 _c3071
_d3071